Website Magazine: Email superhero strategies (Record no. 16460)
| 000 -LEADER | |
|---|---|
| fixed length control field | 00293nam a22001097a 4500 |
| 003 - CONTROL NUMBER IDENTIFIER | |
| control field | OSt |
| 005 - DATE AND TIME OF LATEST TRANSACTION | |
| control field | 20200122162919.0 |
| 008 - FIXED-LENGTH DATA ELEMENTS--GENERAL INFORMATION | |
| fixed length control field | 200122b xxu||||| |||| 00| 0 eng d |
| 040 ## - CATALOGING SOURCE | |
| Transcribing agency | Cagayan State University-Carig Campus |
| 245 ## - TITLE STATEMENT | |
| Title | Website Magazine: Email superhero strategies |
| 942 ## - ADDED ENTRY ELEMENTS (KOHA) | |
| Source of classification or shelving scheme | |
| Koha item type | Serials |
| Price effective from | Permanent Location | Date last seen | Not for loan | Date acquired | Source of classification or shelving scheme | Koha item type | Lost status | Withdrawn status | Copy number | Source of acquisition | Collection code | Damaged status | Barcode | Shelving location | Current Location | Public note | Full call number |
|---|---|---|---|---|---|---|---|---|---|---|---|---|---|---|---|---|---|
| 2020-01-22 | Cagayan State University - Carig Library | 2020-01-22 | 2020-01-22 | Serials | c.1 | School | Serials | WM0000022011C1 | Serials | Cagayan State University - Carig Library | For room use only | WM 000002 2011 c.1 |